000 00701cam a22002291 4500
001 ss 50000007
003 DLC
005 20260227112751.0
008 800904s1949 dcua f000 0 eng c
010 _ass 50000007
035 _a(OCoLC)6682851
040 _aU.S. Social Security Administration Library
_cNNU
_dDLC
042 _apremarc
050 0 0 _aHG2037
_b.A48 1949
082 _a334.2
110 1 _aUnited States.
_bBureau of Federal Credit Unions.
245 1 0 _aLet's hold better annual meetings of federal credit unions.
260 _a[Washington,
_bU.S. Govt. Print. Off.,
_c1949]
300 _a22 p.
_billus.
_c24 cm.
500 _aFCU 547.
650 0 _aBanks and banking, Cooperative.
999 _c90923
_d90923